Gaming Quiz

Random Gaming Quiz
Score 0/25 Timer 10:00
0 Plays Today
First Appeared Vehicle % Correct
Rogue SquadronX-wing
99.5%
Rogue SquadronY-Wing
98.5%
Rogue SquadronA-Wing
96.5%
Rogue Squadron IIB-Wing
94%
Rogue Squadron IITIE Fighter
84%
Rogue SquadronTIE Interceptor
74%
Rogue SquadronSnowspeeder
73%
Rogue Squadron IIITIE Bomber
70%
Rogue SquadronV-Wing
61.5%
Rogue Squadron IIIAT-ST
58%
Rogue Squadron IIIAT-AT
57.5%
Rogue SquadronMillennium Falcon
56%
Rogue Squadron IITIE Advanced X1
51%
First Appeared Vehicle % Correct
Rogue Squadron IIISpeeder Bike
40.5%
Rogue Squadron IISlave 1
37%
Rogue Squadron IIIAT-PT
36.5%
Rogue Squadron IILambda Shuttle
35.5%
Rogue Squadron IIIJedi Starfighter
34%
Rogue Squadron IIILandspeeder
33.5%
Rogue Squadron IIBuick
28.5%
Rogue SquadronNaboo Royal N-1
26%
Rogue Squadron IISkyhopper
24.5%
Rogue Squadron IICloud Car
20%
Rogue Squadron IIITIE Hunter
19.5%
Rogue Squadron IIISwoop Bike
9.5%
Remove Ads.
Support Sporcle.
Get the best of Sporcle when you Go Orange. This ad-free experience offers more features, more stats, and more fun while also helping to support Sporcle. Thank you for becoming a member.

You're not logged in!

Compare scores with friends on all Sporcle quizzes.
OR
Log In

Show Comments

Extras

Top Quizzes Today


Score Distribution

Your Account Isn't Verified!

In order to create a playlist on Sporcle, you need to verify the email address you used during registration. Go to your Sporcle Settings to finish the process.

Report this User

Report this user for behavior that violates our Community Guidelines.

Details: